Generovanie binárnych vektorov s definovanou váhou

Salvato in:
Dettagli Bibliografici
Autore principale: Balla, Martin (Autore)
Altri autori: Zajac, Pavol (Relatore della tesi)
Natura: Manoscritto Libro
Lingua:slovacco
Pubblicazione: 2017
Soggetti:
Accesso online:http://is.stuba.sk/zp/portal_zp.pl?podrobnosti=127350
Tags: Aggiungi Tag
Nessun Tag, puoi essere il primo ad aggiungerne!!

MARC

LEADER 00000ntm a22000003a 4500
001 stuzp60515
003 SK-STU
005 20170627100606.4
007 ta
008 150427s2015----xo-----f-mn---000-0-slo-d
040 |a STU  |b slo 
041 0 |a slo 
044 |a xo 
100 1 |a Balla, Martin  |u 035000  |4 aut  |U FEI Fakulta elektrotechniky a informatiky  |T FEI Ústav informatiky a matematiky  |X 54055  |U E050  |Y 816  |7 54055 
242 0 1 |a Generation of binary vectors with a defined weight  |y eng 
245 1 0 |a Generovanie binárnych vektorov s definovanou váhou 
260 |c 2017 
300 |a 48 s., príl.,   |b CD-ROM 
650 4 |a kódovanie s pevnou váhou  |2 slo 
650 4 |a McElieceov šifrovací systém  |2 slo 
650 4 |a asymetrická kryptografia  |2 slo 
650 4 |a constant weight coding  |2 eng 
650 4 |a McEliece cryptosystem  |2 eng 
650 4 |a asymmetric cryptography  |2 eng 
700 1 |a Zajac, Pavol  |u 035000  |k Z1  |4 ths  |U FEI Fakulta elektrotechniky a informatiky  |T FEI Ústav informatiky a matematiky  |X 10218  |U E050  |Y 816  |7 A000010218 
856 4 |u http://is.stuba.sk/zp/portal_zp.pl?podrobnosti=127350 
996 |b 284EP11623  |c E*DIPL- 11623  |l EE35  |s P  |a 0  |w stuzp60515_0001